[Event "LTU-ch Men 2019"]
[Site "Vilnius"]
[Date "2019.03.20"]
[Round "8.5"]
[White "Mickevicius, Juras"]
[Black "Kaunas, Kestutis"]
[Result "1-0"]
[WhiteElo "2273"]
[BlackElo "2156"]
[Annotator "TA"]
[PlyCount "83"]
[EventDate "2019.??.??"]
[EventCountry "LTU"]
[SourceTitle "playchess.com"]
[Source "ChessBase"]
[SourceQuality "1"]

{[%evp 22,83,85,89,172,187,189,187,183,182,191,191,184,188,195,129,117,101,102,81,88,73,74,65,150,0,0,0,120,105,150,159,158,148,151,159,160,124,160,162,162,174,159,148,152,150,183,177,269,273,439,241,205,70,121,136,502,494,1193,1175,1098,952,910,0]} 1. d4 d5 2. c4 c6 3. Nf3 Nf6 4. e3 Bf5 5. Nc3 e6 6. Nh4 Be4 7. f3 Bg6 8. Qb3 Qc7 9. Bd2 {D12: Slav Defence: 3 Nf3 Nf6 4 e3 Bf5} Bd6 (9... Be7 10. Rc1 Nbd7 11. g3 dxc4 12. Bxc4 O-O 13. Nxg6 hxg6 14. Be2 a6 15. O-O b5 16. a4 Qb6 17. axb5 axb5 {0-1 (28) Roiz,M (2605)-Giri,A (2783) St Petersburg 2018}) 10. O-O-O Nbd7 11. cxd5 exd5 {[#]} 12. e4 $1 {[%mdl 512] LiveBook: 4 Games} dxe4 (12... Bf4 $16 {might work better.}) 13. Nxg6 $18 hxg6 14. fxe4 {[%cal Bf3e4,Be4e5][%mdl 32]} Bf4 15. e5 $1 Nd5 16. Bxf4 Nxf4 17. Ne4 $146 O-O 18. g3 ({White should play} 18. Ng5 $18) 18... Nd5 $16 19. Bh3 N7b6 20. Rhf1 a5 21. a3 a4 22. Qd3 Nc8 (22... Qe7 $14) 23. Ng5 (23. Rd2 $16) 23... Qe7 $1 $11 {[%cal Re7g5]} 24. Ne4 Ra5 (24... Qc7 $11 {keeps the balance.}) 25. Rd2 Rb5 26. Nc5 $1 Rxc5+ 27. dxc5 Qxc5+ 28. Kb1 $1 Nce7 29. Qd4 $36 {[%mdl 2048] Black is under strong pressure.} Qxd4 30. Rxd4 Ra8 31. Bd7 Ra5 32. e6 f6 {[#]} 33. Be8 $1 {[%cal Re8f7]} Nf5 34. Rd3 Nfe7 (34... Kf8 $142) 35. g4 $18 Kf8 $2 (35... g5 36. Bf7+ Kf8) 36. Bf7 (36. Rh3 $142) 36... g5 {[#]} 37. Rh1 (37. Rh3 $1 $18 {[%cal Rh3h8]} g6 38. Rh7) 37... g6 (37... Nc8 $14) 38. h4 $16 gxh4 $2 {[%mdl 8192]} (38... Kg7 $16 39. h5 gxh5) 39. Rxh4 $18 {White is clearly winning.} Nf4 (39... Kg7 $142 40. Rdh3 f5) 40. Rd7 Rd5 41. Rh8+ Kg7 42. Rh3 $2 {[%mdl 32768] Precision: White = 58%, Black = 39%. . Loss on Time!?} (42. Rb8 $18) 1-0

[Event "LTU-ch Men 2019"]
[Site "Vilnius"]
[Date "2019.03.20"]
[Round "8.6"]
[White "Baginskaite, Camilla"]
[Black "Zaksaite, Salomeja"]
[Result "0-1"]
[WhiteElo "2136"]
[BlackElo "2260"]
[Annotator "TA"]
[PlyCount "52"]
[EventDate "2019.??.??"]
[EventCountry "LTU"]
[SourceTitle "playchess.com"]
[Source "ChessBase"]
[SourceQuality "1"]

{[%evp 13,52,-15,-15,-14,-14,-17,-19,-26,24,-4,32,-24,-20,-93,-19,-21,-11,-45,0,-45,-4,-16,0,0,0,0,0,0,0,0,-18,-239,-238,-438,-456,-210,-448,-403,-269,-527,-119]} 1. c4 Nf6 2. Nc3 e5 3. g3 Bb4 4. Bg2 O-O 5. e4 Bxc3 6. dxc3 d6 7. Ne2 Nbd7 8. O-O {A22: English Opening: 1...e5 2 Nc3 Nf6} Nc5 9. f3 Be6 10. b3 {The position is equal.} Nfd7 11. Be3 a5 12. a4 $146 (12. Nd4 $14) ({Predecessor:} 12. Nd4 exd4 13. cxd4 a4 14. dxc5 Nxc5 15. Qc2 axb3 16. axb3 Qf6 {½-½ (16) Gulbrandsen,A-Taulbut,S (2435) Copenhagen 1982}) 12... Qe7 $11 13. Ra2 {[#]} (13. Nc1 $11 {remains equal.}) 13... f5 (13... b5 $1 $17 {[%mdl 512] aiming for ...bxa4.} 14. axb5 a4 {[%mdl 64] Deflection} 15. bxa4 Bxc4) 14. exf5 Bxf5 15. f4 exf4 16. Bxf4 Rae8 17. b4 Nd3 18. Nd4 Nxf4 19. Rxf4 Qe3+ 20. Raf2 Qxc3 {White must now prevent ...Re1+.} 21. Bd5+ Kh8 {Hoping for ...Re1+.} 22. Qh5 $2 (22. Qf3 $11 {and White is okay.} Re3 {[#]} 23. Qg4 $1 {[%mdl 512]} Qxd4 24. Rxf5 Qa1+ {[%mdl 64] Double Attack} 25. Kg2) 22... Bg6 $19 ({Worse is} 22... axb4 23. Nxf5 Nf6 24. Qg5 $16) 23. Rxf8+ $2 (23. Qf3 {only move.} Qe1+ 24. Kg2 Rxf4 25. Qxf4) 23... Rxf8 24. Rxf8+ Nxf8 25. Qh4 c6 26. Bf3 $2 (26. Qf4 Nd7 27. Be6) 26... c5 $2 {Accuracy: White = 27%, Black = 42%.} (26... Qe1+ $19 27. Kg2 Bd3) 0-1

[Event "LTU-ch Men 2019"]
[Site "Vilnius"]
[Date "2019.03.20"]
[Round "8.7"]
[White "Indriunas, Matas"]
[Black "Eigminas, Kipras"]
[Result "1/2-1/2"]
[WhiteElo "1908"]
[BlackElo "2034"]
[Annotator "NA RC"]
[PlyCount "102"]
[EventDate "2019.??.??"]
[EventCountry "LTU"]
[SourceTitle "playchess.com"]
[Source "ChessBase"]
[SourceQuality "1"]
[TimeControl "5400+30"]

1. e4 {[%emt 0:00:00]} c5 {[%emt 0:00:00]} 2. Nf3 {[%emt 0:00:11]} d6 {[%emt 0:00:00]} 3. d4 {[%emt 0:00:00]} cxd4 {[%emt 0:00:00]} 4. Nxd4 {[%emt 0:00:00]} Nf6 {[%emt 0:00:00]} 5. Nc3 {[%emt 0:00:09]} g6 {[%emt 0:00:00]} 6. Be3 {[%emt 0:00:08]} Bg7 {[%emt 0:00:00]} 7. f3 {[%emt 0:00:06]} O-O {[%emt 0:00:00]} 8. Qd2 {[%emt 0:00:05]} Nc6 {[%emt 0:00:00]} 9. O-O-O {[%emt 0:00:08]} d5 {[%emt 0:00:00]} 10. Qe1 {[%emt 0:00:24]} e5 {[%emt 0:00:11]} 11. Nxc6 {[%emt 0:00:21]} bxc6 {[%emt 0:00:02]} 12. exd5 {[%emt 0:00:22]} Nxd5 {[%emt 0:01:07]} 13. Bc4 {[%emt 0:00:13]} Be6 {[%emt 0:00:10]} 14. Bc5 {[%emt 0:00:14]} Qg5+ {[%emt 0:05:42]} 15. Kb1 {[%emt 0:21:31]} Nxc3+ {[%emt 0:01:05]} 16. Qxc3 {[%emt 0:00:15]} Bxc4 {[%emt 0:04:45]} 17. Bxf8 {[%emt 0:24:10]} Bxa2+ {[%emt 0:01:24]} 18. Kxa2 {[%emt 0:00:06]} Rxf8 {[%emt 0:00:04]} 19. Qd2 {[%emt 0:02:24]} Qh4 {[%emt 0:00:32]} 20. Qd3 {[%emt 0:07:02]} Qa4+ {[%emt 0:00:44]} 21. Kb1 {[%emt 0:03:04]} Rb8 {[%emt 0:00:02]} 22. b3 {[%emt 0:09:29]} Qa5 {[%emt 0:01:22]} 23. Qe4 {[%emt 0:02:05]} h6 {[%emt 0:02:16]} 24. Rd7 {[%emt 0:04:14]} Rb4 {[%emt 0:00:27]} 25. Rxa7 {[%emt 0:01:17]} Qc5 {[%emt 0:04:25]} 26. Ra8+ {[%emt 0:02:27]} Kh7 {[%emt 0:00:02]} 27. Qe2 {[%emt 0:02:03]} e4 {[%emt 0:03:45]} 28. fxe4 {[%emt 0:00:54]} Qe5 {[%emt 0:00:17]} 29. Ra2 {[%emt 0:00:43]} Rxe4 {[%emt 0:00:06]} 30. Qd2 {[%emt 0:03:57]} Re2 {[%emt 0:01:39]} 31. Qa5 {[%emt 0:01:01]} c5 {[%emt 0:01:01]} 32. Rc1 {[%emt 0:03:28]} Rxg2 {[%emt 0:01:12]} 33. b4 {[%emt 0:02:12]} cxb4 {[%emt 0:08:03]} 34. Qxe5 {[%emt 0:00:44]} Bxe5 {[%emt 0:00:04]} 35. c4 {[%emt 0:02:01]} Rxh2 {[%emt 0:01:16]} 36. Rxh2 {[%emt 0:02:03]} Bxh2 {[%emt 0:00:39]} 37. c5 {[%emt 0:00:05]} g5 {[%emt 0:00:14]} 38. c6 {[%emt 0:00:23]} Bc7 {[%emt 0:00:04]} 39. Rd1 {[%emt 0:00:19]} g4 {[%emt 0:00:46]} 40. Kc2 {[%emt 0:02:02]} g3 {[%emt 0:00:47]} 41. Kd3 {[%emt 0:00:11]} Kg6 {[%emt 0:02:54]} 42. Ke2 {[%emt 0:00:19]} b3 {[%emt 0:02:43]} 43. Kf3 {[%emt 0:00:20]} Kf5 {[%emt 0:01:06]} 44. Rb1 {[%emt 0:01:02]} Ke6 {[%emt 0:00:17]} 45. Rxb3 {[%emt 0:00:10]} h5 {[%emt 0:01:51]} 46. Rb7 {[%emt 0:02:04]} Kd6 {[%emt 0:00:08]} 47. Rb5 {[%emt 0:00:04]} h4 {[%emt 0:00:13]} 48. Rh5 {[%emt 0:00:28]} Bd8 {[%emt 0:00:30]} 49. Rh7 {[%emt 0:00:09]} Bc7 {[%emt 0:02:00]} 50. Rxf7 {[%emt 0:01:34]} h3 {[%emt 0:00:08]} 51. Kxg3 {[%emt 0:01:00]} Kxc6+ {[%emt 0:00:06]} 1/2-1/2

[Event "LTU-ch Men 2019"]
[Site "Vilnius"]
[Date "2019.03.20"]
[Round "8.8"]
[White "Bagvilas, Lukas"]
[Black "Sakalauskas, Vaidas"]
[Result "0-1"]
[WhiteElo "1973"]
[BlackElo "2346"]
[Annotator "TA"]
[PlyCount "108"]
[EventDate "2019.??.??"]
[EventCountry "LTU"]
[SourceTitle "playchess.com"]
[Source "ChessBase"]
[SourceQuality "1"]

{[%evp 14,108,-27,-52,0,-54,-32,-48,-54,-50,-41,-41,-33,-49,-38,-66,-60,-54,-54,-70,-66,-67,-65,-247,-252,-270,-267,-247,-249,-249,-120,-111,-128,-143,-83,-83,-87,-87,0,0,0,0,0,0,0,0,0,-27,0,0,0,0,0,0,10,7,24,10,14,0,0,0,0,0,0,0,-20,-122,-67,-61,0,-62,-54,-70,-66,-163,-156,-239,-237,-214,-209,-211,-243,-243,-243,-211,-240,-674,-664,-694,0,0,0,-694,-214,-656,-628]} 1. e4 c5 2. Nc3 g6 3. f4 Bg7 4. Nf3 Nc6 5. Bc4 e6 6. d3 Nge7 7. O-O O-O 8. Qe1 Nd4 {B23: Closed Sicilian: Lines without g3} (8... b6 $15) (8... d5 9. Bb3 Na5 10. Bd2 b6 11. e5 a6 12. Nd1 Nec6 13. Bxa5 Nxa5 14. c3 d4 15. cxd4 Nxb3 16. axb3 Bb7 17. dxc5 Qxd3 18. cxb6 Qxb3 {0-1 (40) Aldama Degurnay,D (2434)-Li,C (2670) Las Vegas 2012}) 9. Bb3 (9. Nxd4 $11 cxd4 10. Nd1) 9... Nec6 10. Ne2 Nxb3 {Black is slightly better.} 11. axb3 d6 12. Ng3 $146 ({Predecessor:} 12. Rb1 Bd7 13. Bd2 Qb6 14. Kh1 Rac8 15. Nc3 Nd4 16. Qh4 Qd8 17. Qxd8 Rfxd8 {0-1 (25) Fystro,O (1673)-Wahlstedt,M (1984) Plovdiv 2013}) 12... Re8 13. Qd1 f5 14. h4 Nd4 15. h5 Nxf3+ 16. Qxf3 Bd7 17. hxg6 hxg6 18. exf5 $2 (18. Nh1 $15) 18... exf5 $19 19. c3 Bc6 20. Qf2 Qh4 21. Bd2 Kf7 (21... Bf6 $19 {and Black stays clearly on top.} 22. Rae1 Qg4 23. Rxe8+ Rxe8) 22. Ne4 $17 Qxf2+ 23. Nxf2 Re2 (23... Bd5 $142 {Threatens to win with ...Re2.} 24. c4 Bc6) 24. Rfd1 Bf6 {aiming for ...Bh4.} 25. Kf1 Rae8 (25... Re7 $17 26. Re1 Rxe1+ 27. Rxe1 Bh4) 26. Ne4 $1 $11 {[%cal Re4d6] [#]} Bxe4 $1 {[%mdl 512]} 27. Kxe2 (27. dxe4 R8xe4) 27... Bxg2+ 28. Be3 $1 a6 29. Kd2 Bd5 30. Re1 Bxb3 31. c4 d5 $1 {[%cal Rd5c4]} 32. Bxc5 Rc8 33. d4 Bxc4 34. Rh1 b6 35. Bxb6 Rb8 36. Bc5 Rxb2+ 37. Kc3 Rb3+ 38. Kc2 Rf3 39. Rh7+ Kg8 40. Ra7 (40. Rah1 $11) 40... Rf2+ ({Better is} 40... Rxf4 $17 41. Rb7 g5) 41. Kc3 $15 Rf3+ (41... Rxf4 $15 42. Re1 Re4 43. Rxe4 fxe4) 42. Kd2 (42. Kc2 $1 $11 Rxf4 43. Rb7) 42... Rxf4 43. Rb1 {White threatens Rb8+ and mate.} Bb5 $1 44. Ra8+ ({White should play} 44. Rg1 $15 g5 45. Rh1) 44... Kf7 $19 45. Ra7+ (45. Kc3 $17 {might work better.}) 45... Ke6 $1 46. Rg1 Rg4 47. Re1+ Re4 48. Rg1 {[#]} f4 $1 {[%cal Rf4f3]} 49. Rxg6 {Black must now prevent Be7.} Kf5 50. Rg8 $2 (50. Rh6 Bg5 51. Rh8) 50... f3 51. Rf8 {Strongly threatening Raf7.} Kg6 52. Rg8+ $1 Kf5 53. Rf8 $1 {And now Raf7 would win.} Re6 $2 (53... Re2+ 54. Kc3 Re8) 54. Raf7 $2 {[#]} (54. Be7 f2 55. Bxf6 f1=N+ 56. Kc3 Rc6+ 57. Kb4 Rxf6 58. Rxf6+ Kxf6 59. Rh7) 54... Kg6 $1 {Accuracy: White = 50%, Black = 57%.} ({Less strong is} 54... f2 55. Be7 $15) 0-1

[Event "LTU-ch Men 2019"]
[Site "Vilnius"]
[Date "2019.03.20"]
[Round "8.9"]
[White "Zickus, Simonas"]
[Black "Salna, Aleksandras"]
[Result "1-0"]
[WhiteElo "2330"]
[BlackElo "1955"]
[Annotator "TA"]
[PlyCount "63"]
[EventDate "2019.??.??"]
[EventCountry "LTU"]
[SourceTitle "playchess.com"]
[Source "ChessBase"]
[SourceQuality "1"]

{[%evp 12,63,0,-3,14,0,8,6,14,2,26,-18,0,0,18,0,4,3,25,18,26,24,24,24,25,27,15,20,21,0,130,8,31,31,268,264,256,230,162,84,314,316,487,483,511,511,511,511,508,507,504,504,489,473]} 1. Nf3 d5 2. g3 c6 3. Bg2 Bf5 4. c4 e6 5. O-O Nf6 6. d3 dxc4 7. dxc4 Qxd1 {A11: English Opening: 1...c6} 8. Rxd1 Bc2 9. Rd2 $146 (9. Rf1 Nbd7 10. Nc3 Bb4 11. Bd2 a5 12. a3 Bxc3 13. Bxc3 a4 14. Rac1 Be4 15. Rfd1 {0-1 (86) Carlsen,M (2832)-Grischuk,A (2761) Paris 2017}) ({Predecessor:} 9. Rf1 Nbd7 10. Nc3 Ne4 11. Nd1 Nd6 12. Ne3 Be4 13. Bd2 {½-½ (85) Theodorou,N (2513)-Mastrovasilis,A (2497) Rio Achaea 2018}) 9... Bf5 {The position is equal.} 10. Nd4 Be4 11. f3 e5 {White must now prevent ...Bxb1.} 12. Nc2 Bc5+ (12... Bf5 {feels hotter.} 13. e4 Be6 14. b3 Na6 15. Bb2 Nd7) 13. Kh1 Bxc2 14. Rxc2 Na6 {[%cal Bb8a6,Ba6c7,Bc7e6][%mdl 32]} 15. a3 Rd8 16. Bd2 Nc7 17. b4 $36 {[%mdl 2048] White has the initiative.} Bd4 18. Nc3 Ne6 19. e3 Bb6 20. f4 Ke7 (20... exf4 $11 21. gxf4 g6) 21. b5 (21. fxe5 $6 Ng4 $11) ({Better is} 21. c5 $16 Bc7 22. f5) 21... Ng4 22. bxc6 exf4 $2 (22... bxc6 $14 23. Bxc6 exf4 24. gxf4 (24. exf4 Nd4 $17 {[%mdl 64] Double Attack}) 24... Nxe3 25. Bxe3 Bxe3) 23. Nd5+ $18 {[%mdl 64] Double Attack} (23. gxf4 bxc6 24. Bxc6 Nxe3 $14) (23. cxb7 Nf2+ 24. Kg1 fxe3 $18) 23... Kd6 24. Nxb6 ({Resist} 24. exf4 $6 bxc6 25. Nxb6 axb6 $16) 24... axb6 25. cxb7 (25. exf4 $18 bxc6 26. a4) 25... fxe3 $2 (25... Nxe3 $16 26. Rb2 Kc7) 26. Bc3 Kc7 (26... Nc5 $142 27. a4 (27. Bxg7 Rhe8 $16) 27... Nf2+ 28. Kg1 Rhe8) 27. h3 $1 {White is clearly winning.} Nf2+ {[#]} 28. Rxf2 $1 {[%mdl 512]} exf2 {[#]} 29. Be5+ $1 Kd7 30. Rd1+ Ke7 31. Rxd8 Rxd8 32. b8=Q {Accuracy: White = 56%, Black = 25%.} 1-0

[Event "LTU-ch Men 2019"]
[Site "Vilnius"]
[Date "2019.03.20"]
[Round "8.10"]
[White "Vardanyan, Aras"]
[Black "Juksta, Karolis"]
[Result "0-1"]
[WhiteElo "1916"]
[BlackElo "2281"]
[Annotator "TA"]
[PlyCount "92"]
[EventDate "2019.??.??"]
[EventCountry "LTU"]
[SourceTitle "playchess.com"]
[Source "ChessBase"]
[SourceQuality "1"]

{[%evp 15,92,-15,0,-24,13,-19,0,-9,-7,-25,-21,-25,13,14,44,36,29,0,25,0,0,0,43,0,125,125,135,107,206,205,222,149,147,166,152,140,129,85,82,74,75,76,67,87,158,155,170,103,150,148,280,162,308,73,116,116,115,93,92,84,91,43,119,119,145,18,19,14,20,14,14,0,-7,-40,-22,-64,-64,-703,-668]} 1. e4 e6 2. d4 d5 3. Nc3 Nf6 4. Bg5 Bb4 5. e5 h6 6. Bd2 Bxc3 7. bxc3 Ne4 8. Qg4 g6 9. h4 {C12: French: Classical System: McCutcheon Variation} (9. Bd3 Nxd2 10. Kxd2 c5 11. Nf3 Nc6 12. dxc5 Qa5 13. Qf4 Qxc5 14. Nd4 Bd7 15. Rhb1 O-O-O 16. Rb5 Qe7 17. Rab1 b6 18. Nxc6 Bxc6 19. R5b4 g5 {½-½ (65) Anand,V (2817)-Nakamura,H (2774) Monte Carlo 2011}) 9... h5 10. Qf3 $146 ({Predecessor:} 10. Qf4 c5 11. Bd3 Nxd2 12. Kxd2 c4 13. Be2 b5 14. Nf3 Nc6 15. Ng5 Qe7 16. Rab1 Rb8 {1-0 (32) Sean,W (2338)-Lyell,M (2220) Kecskemet 2013}) 10... Nxd2 11. Kxd2 {The position is equal.} c5 12. Bd3 Bd7 13. Qf4 cxd4 14. cxd4 Nc6 15. Rb1 Qa5+ 16. Ke3 O-O-O 17. Qxf7 Rdf8 ({But not} 17... Qc3 $6 18. Ne2 $16) 18. Qg7 $1 {Strongly threatening Rxb7!} Rhg8 19. Qh6 Qxa2 (19... g5 $1 $11) 20. Ne2 $1 $16 Qa3 21. Qg5 Nb4 (21... Rf5 $16 22. Qh6 Rf7) 22. Rb3 $18 Qa5 23. Qe7 Nc6 24. Qd6 {Black must now prevent Rxb7!} Qc7 25. Qc5 Rf7 26. Rhb1 b6 27. Qa3 $1 $36 {[%mdl 2048] Keeping Black busy.} g5 28. hxg5 Rxg5 29. g3 $1 Rg4 ({Much weaker is} 29... Nxd4 $6 30. Ba6+ Kd8 31. Kxd4 $11) (29... h4 $142) 30. f3 $1 $16 {[%cal Rf3g4]} Rg8 31. Kd2 (31. Rc3 $1 $18) 31... Kd8 {[#]} 32. f4 $1 Rfg7 {[#]} (32... Na5 $16 {was worth a try.}) 33. Rh1 (33. f5 $142 $1 {[%mdl 512]}) 33... Rh8 (33... Be8 $142 34. Rc3 Qe7) 34. Rbb1 $2 (34. Rc3 $18 {and White stays clearly on top.}) 34... Be8 35. f5 exf5 36. Bxf5 Qe7 37. Qf3 Qg5+ 38. Kc3 Ne7 ({Black should try} 38... Kc7 $14) 39. Bd3 Rh6 40. Qf4 (40. Kb2 $16) 40... Qxf4 $1 $11 41. gxf4 {aiming for f5.} Bd7 $1 42. Rbg1 Rxg1 43. Rxg1 h4 44. Rh1 Nf5 45. Bxf5 Bxf5 46. Ng3 $2 {[%mdl 8192]} (46. Kd2 $15) 46... Rc6+ {Accuracy: White = 41%, Black = 43%.} 0-1

[Event "LTU-ch Men 2019"]
[Site "Vilnius"]
[Date "2019.03.20"]
[Round "8.11"]
[White "Pluta, Paulius"]
[Black "Butvilas, Aistis"]
[Result "1/2-1/2"]
[WhiteElo "1846"]
[BlackElo "1983"]
[Annotator "NA RC"]
[PlyCount "103"]
[EventDate "2019.??.??"]
[EventCountry "LTU"]
[SourceTitle "playchess.com"]
[Source "ChessBase"]
[SourceQuality "1"]
[TimeControl "5400+30"]

1. e4 {[%emt 0:00:04]} c5 {[%emt 0:00:00]} 2. c3 {[%emt 0:00:11]} d5 {[%emt 0:00:00]} 3. exd5 {[%emt 0:00:05]} Qxd5 {[%emt 0:00:00]} 4. d4 {[%emt 0:00:04]} Nf6 {[%emt 0:00:05]} 5. Nf3 {[%emt 0:00:06]} Bg4 {[%emt 0:00:30]} 6. Be2 {[%emt 0:00:05]} e6 {[%emt 0:00:30]} 7. h3 {[%emt 0:00:08]} Bh5 {[%emt 0:00:11]} 8. O-O {[%emt 0:00:04]} Nc6 {[%emt 0:00:26]} 9. Be3 {[%emt 0:00:09]} cxd4 {[%emt 0:00:14]} 10. cxd4 {[%emt 0:00:06]} Be7 {[%emt 0:00:27]} 11. Nc3 {[%emt 0:00:05]} Qd6 {[%emt 0:00:13]} 12. Qb3 {[%emt 0:00:17]} O-O {[%emt 0:00:27]} 13. Rfd1 {[%emt 0:00:03]} Rfd8 {[%emt 0:01:49]} 14. a3 {[%emt 0:05:19]} a6 {[%emt 0:09:38]} 15. Rd2 {[%emt 0:06:46]} Nd5 {[%emt 0:26:52]} 16. Nxd5 {[%emt 0:09:11]} Qxd5 {[%emt 0:00:52]} 17. Bc4 {[%emt 0:00:07]} Qd6 {[%emt 0:01:10]} 18. Be2 {[%emt 0:04:20]} Na5 {[%emt 0:06:25]} 19. Qa2 {[%emt 0:00:06]} Qd5 {[%emt 0:00:22]} 20. Qxd5 {[%emt 0:02:55]} exd5 {[%emt 0:05:39]} 21. Rc2 {[%emt 0:00:12]} b5 {[%emt 0:06:27]} 22. Bf4 {[%emt 0:02:17]} Nb3 {[%emt 0:03:05]} 23. Rd1 {[%emt 0:00:07]} Rac8 {[%emt 0:02:11]} 24. Rxc8 {[%emt 0:04:41]} Rxc8 {[%emt 0:00:05]} 25. g4 {[%emt 0:02:14]} Bg6 {[%emt 0:00:22]} 26. Re1 {[%emt 0:01:16]} Bf6 {[%emt 0:05:24]} 27. g5 {[%emt 0:00:25]} Bxd4 {[%emt 0:02:33]} 28. Bd1 {[%emt 0:00:08]} Be4 {[%emt 0:04:07]} 29. Nxd4 {[%emt 0:01:28]} Nxd4 {[%emt 0:00:14]} 30. Be3 {[%emt 0:00:40]} Nf3+ {[%emt 0:02:04]} 31. Bxf3 {[%emt 0:00:10]} Bxf3 {[%emt 0:00:03]} 32. Rc1 {[%emt 0:00:05]} Rxc1+ {[%emt 0:02:23]} 33. Bxc1 {[%emt 0:00:04]} d4 {[%emt 0:00:59]} 34. Kf1 {[%emt 0:00:13]} Kf8 {[%emt 0:00:46]} 35. Ke1 {[%emt 0:00:06]} Ke7 {[%emt 0:00:53]} 36. Bf4 {[%emt 0:01:43]} Ke6 {[%emt 0:00:46]} 37. h4 {[%emt 0:00:05]} Kf5 {[%emt 0:01:48]} 38. Bd6 {[%emt 0:00:58]} f6 {[%emt 0:05:31]} 39. gxf6 {[%emt 0:00:19]} gxf6 {[%emt 0:00:29]} 40. Kd2 {[%emt 0:00:15]} Ke4 {[%emt 0:03:51]} 41. Be7 {[%emt 0:00:23]} f5 {[%emt 0:00:46]} 42. Bg5 {[%emt 0:00:24]} Bh5 {[%emt 0:00:56]} 43. Bf6 {[%emt 0:00:10]} Bf7 {[%emt 0:02:09]} 44. Bg7 {[%emt 0:00:11]} a5 {[%emt 0:00:47]} 45. Bf6 {[%emt 0:00:10]} a4 {[%emt 0:01:06]} 46. Bg7 {[%emt 0:00:06]} Bc4 {[%emt 0:00:05]} 47. Bf6 {[%emt 0:00:08]} d3 {[%emt 0:03:00]} 48. Bg7 {[%emt 0:00:08]} Kf3 {[%emt 0:00:06]} 49. Bd4 {[%emt 0:00:08]} h5 {[%emt 0:00:39]} 50. Bc5 {[%emt 0:00:13]} Kg4 {[%emt 0:00:29]} 51. Be7 {[%emt 0:00:05]} f4 {[%emt 0:00:17]} 52. Bf6 {[%emt 0:00:19]} 1/2-1/2

[Event "LTU-ch Men 2019"]
[Site "Vilnius"]
[Date "2019.03.20"]
[Round "8.12"]
[White "Mickus, Benas"]
[Black "Steponavicius, Stasys"]
[Result "0-1"]
[WhiteElo "1835"]
[BlackElo "2194"]
[Annotator "TA"]
[PlyCount "132"]
[EventDate "2019.??.??"]
[EventCountry "LTU"]
[SourceTitle "playchess.com"]
[Source "ChessBase"]
[SourceQuality "1"]

{[%evp 20,132,21,0,24,17,33,10,17,12,24,24,19,18,84,74,72,71,133,131,129,116,117,113,159,141,126,127,163,182,166,167,194,190,183,185,200,165,254,272,258,212,186,90,122,100,127,88,81,85,78,75,73,71,73,45,55,35,106,0,11,-25,-28,-25,-6,-6,0,-6,-7,-70,-68,-81,-41,-122,-118,-116,-119,-101,-90,-198,-110,-172,-92,-90,-85,-246,-93,-325,-322,-301,-292,-354,-354,-443,-435,-413,-413,-404,-404,-463,-461,-636,-386,-649,-461,-470,-369,-727,-714,-29986,-29987,-29987,-29980,-29980,-29981]} 1. d4 Nf6 2. c4 e6 3. Nc3 Bb4 4. e3 O-O 5. Bd3 d5 6. a3 Bxc3+ 7. bxc3 dxc4 8. Bxc4 c5 9. Ne2 Qc7 10. Bd3 b6 11. O-O Ba6 {E49: Nimzo-Indian: Rubinstein: 5 Bd3 d5 6 a3 Bxc3+ 7 bxc3} (11... Nc6 {is more complex.} 12. e4 Rd8 13. e5 Nd5 14. Bg5 Rd7) (11... Bb7 12. f3 e5 13. e4 cxd4 14. cxd4 exd4 15. Nxd4 Qc3 16. Nf5 Rd8 17. Bg5 Rxd3 18. Qe2 Rd8 19. e5 {0-1 (37) Korobov,A (2652)-Harikrishna,P (2744) Riadh 2017}) 12. Bxa6 Nxa6 13. Bb2 Rad8 $146 {The position is equal.} ({Predecessor:} 13... Rfd8 14. Qa4 Nb8 15. c4 Nc6 16. Rad1 cxd4 17. Nxd4 Ne5 18. Qb5 Nxc4 19. Rc1 {½-½ (33) Fridstein,G-Steinsapir,Y Moscow 1949}) 14. Rc1 c4 15. Qc2 Nb8 {[%cal Ba6b8,Bb8c6,Bc6a5,Ba5b3][%mdl 32]} 16. e4 Ng4 (16... Nc6 $11 {keeps the balance.}) 17. e5 $16 Nc6 18. a4 f5 (18... Nh6 $142) 19. Ba3 Rfe8 20. h3 Nh6 21. Nf4 Na5 22. Rcd1 $1 Nb3 23. Bd6 $36 {[%mdl 2048] Keeping Black busy.} Qd7 24. d5 $1 exd5 25. Nxd5 ({Don't do} 25. Rxd5 $6 Qxa4 26. Qd1 Nf7 $16) 25... Rc8 26. f4 Kh8 27. Ne3 Qxa4 28. Nxf5 Nxf5 (28... Nc5 {might work better.} 29. Qb1 Nxf5 30. Qxf5 Qc6) 29. Qxf5 $18 Qc6 30. Qg4 Nc5 31. Bxc5 (31. f5 $1 $18 {[%cal Rf5f6] has better winning chances. f6 is the strong threat.} Qe4 32. Qg5) 31... Qxc5+ $16 32. Kh1 Rcd8 33. Rd7 Rxd7 34. Qxd7 {[%mdl 4160] Endgame Double Attack. KQR-KQR} Qe7 35. Qd4 Qe6 36. Rb1 h6 37. Rb4 Rc8 38. Qe4 Qc6 (38... a5 $14 39. Rb1 a4) 39. Qe2 ({White should try} 39. Qxc6 $16 Rxc6 40. g3) 39... Qd5 40. e6 Re8 41. Rxc4 Qxe6 (41... Rxe6 {is interesting.} 42. Rc8+ Kh7 43. Qc2+ Qe4 44. Qxe4+ Rxe4 45. g3 a5) 42. Qxe6 Rxe6 $11 {KR-KR} 43. Rc7 a5 44. Ra7 (44. Kh2 $11) 44... Rc6 45. Ra6 Kg8 46. c4 (46. g4 $15) 46... Rxc4 $17 47. Rxb6 Rxf4 48. Ra6 a4 49. Ra7 (49. Kh2 $17) 49... Kh7 (49... Rf1+ $1 $19 50. Kh2 Ra1) 50. Ra6 {[#]} (50. Kh2 $17 {was called for.}) 50... h5 ({Better is} 50... Rf1+ $1 $19 51. Kh2 Ra1) 51. Kh2 Rb4 52. g3 $2 (52. Kg3 $17) 52... g6 $2 (52... Rb2+ $19 53. Kg1 Ra2) 53. h4 $2 (53. g4 $17) 53... Kg7 $19 54. Kg2 Kf7 55. Kh3 Rg4 56. Kg2 Ke7 57. Kf3 Kd7 58. Kf2 Kc7 59. Rf6 {[#]} Kb7 $1 60. Rf3 Rb4 61. Ra3 $2 (61. Ke2 Rb3 62. Rf7+ Kb6 63. Kd1) 61... Kb6 62. Ke2 Kb5 63. Kd2 $2 (63. Kd3 Rb3+ 64. Rxb3+ axb3 65. Kc3) 63... Rb3 64. Rxb3+ axb3 {Black mates.} 65. Kc3 Kc5 66. Kxb3 Kd4 {Accuracy: White = 37%, Black = 56%.} 0-1